000 00414cam a2200169ua 4500
001 5700
008 131008n ii |||gr||||Z||||||asm
040 _cMAIN
082 _a954.162
100 1 _aBhuyan,Suryya Kumar,
_eAuthor.,
245 _aKonwar Bidroh
_cBy Suryya kumar Bhuyan
260 _aGauhati:
_bLawyers Book Stall,
_c1966.
300 _a82p.
653 _aHistory
653 _aKonwar Bidroh
942 _cBK
999 _c4859
_d4859